Melbourne Tram Routes - Route 109 - Statistics

General Stats
  • This quiz has been taken 6 times
  • The average score is 44 of 57
Answer Stats
Suburb Stop Answer % Correct
Box Hill 58 Box Hill Central/Whitehorse Rd
100%
Melbourne City 5 Elizabeth St/Collins St
100%
Melbourne City 7 Exhibition St/Collins St
100%
Melbourne City 6 Melbourne Town Hall/Collins St
100%
Melbourne City 1 Spencer St/Collins St
100%
Melbourne City 8 Spring St/Collins St
100%
Melbourne City 3 William St/Collins St
100%
Balwyn 46 Balwyn Cinema/Whitehorse Rd
83%
Balwyn 47 Balwyn Rd/Whitehorse Rd
83%
Balwyn 48 Balwyn Shopping Centre/Whitehorse Rd
83%
Kew 37 Belmont Ave/Cotham Rd
83%
Kew 42 Burke Rd/Cotham Rd
83%
Kew 35 Charles St/Cotham Rd
83%
Balwyn 44 Deepdene Park/Whitehorse Rd
83%
Balwyn 43 Deepdene Shopping Centre/Whitehorse Rd
83%
Box Hill 56 Elgar Rd/Whitehorse Rd
83%
Kew 39 Florence Ave/Cotham Rd
83%
Kew 36 Glenferrie Rd/Cotham Rd
83%
Balwyn 45 Hardwicke St/Whitehorse Rd
83%
Collingwood 18 Hoddle St/Victoria Pde
83%
Mont Albert 55 Hood St/Whitehorse Rd
83%
Mont Albert 54 Inglisby Rd/Whitehorse Rd
83%
Kew 41 Kew Traffic School/Cotham Rd
83%
Fitzroy 13 Lansdowne St/Victoria Pde
83%
Kew 38 Marshall Ave/Cotham Rd
83%
Balwyn 51 Narrak Rd/Whitehorse Rd
83%
Box Hill 57 Nelson Rd/Whitehorse Rd
83%
Balwyn 49 Northcote Ave/Whitehorse Rd
83%
Kew 34 QPO/Cotham Rd
83%
Fitzroy 15 Smith St/Victoria Pde
83%
Kew 40 St George’s Hospital/Cotham Rd
83%
Fitzroy 12 St Vincents Plaza/Victoria Pde
83%
Balwyn 53 Union Rd/Whitehorse Rd
83%
Surrey Hills 50 Wharton St/Whitehorse Rd
83%
Port Melbourne 129 Beacon Cove/Light Rail
67%
Richmond 24 Burnley St/Victoria St
67%
Southbank 124A Casino/MCEC/Clarendon St
67%
Abbotsford 21 Church St/Victoria St
67%
Southbank 125 Clarendon St/Whiteman St
67%
Abbotsford 23 Flockhart St/Victoria St
67%
Kew 29 High St/Barkers Rd
67%
Kew 32 Kew Junction/High St
67%
Kew 33 Kew Shopping Centre/High St
67%
Abbotsford 20 Lennox St/Victoria St
67%
Richmond 22 McKay St/Victoria St
67%
South Melbourne 126 Montague St/Light Rail
67%
Port Melbourne 127 North Port Station/Light Rail
67%
Abbotsford 19 North Richmond Railway Station/Victoria St
67%
Richmond 25 River Bvd/Victoria St
67%
South Melbourne 125A Southbank Tram Depot/Light Rail
67%
Kew 31 Stevenson St/High St
67%
Collingwood 16 Wellington St/Victoria Pde
67%
Melbourne City 124 Batman Park/Spencer St
50%
Kew 27 Findon Cres/Barkers Rd
50%
Port Melbourne 128 Graham St/Light Rail
50%
East Melbourne 11 Albert St/Gisborne St
33%
East Melbourne 10 Parliament Railway Station/Macarthur St
33%
No matching quizzes found
Score Distribution
Percent of People with Each Score
Percentile by Number Answered
Your Score History
You have not taken this quiz